El concepto del honor en la sociedad

Salvato in:
Dettagli Bibliografici
Autore principale: Peristiany, J. G (Autore)
Natura: Libro
Lingua:spagnolo
Pubblicazione: Barcelona Labor 1968
Soggetti:
Tags: Aggiungi Tag
Nessun Tag, puoi essere il primo ad aggiungerne!!

MARC

LEADER 00000nam a2200000 a 4500
001 UCP7507
003 CL-VaPUC
008 991217e19680000SP |||||||||||||||||spa|d
082 0 4 |a 306  |b PER  |2 21 
100 0 |a Peristiany, J. G  |e author  |9 436909 
245 1 3 |a El concepto del honor en la sociedad 
300 |a 242 p 
942 |c BK 
945 |d 19991217 00:00:00  |a rherrera 
260 |a Barcelona  |b Labor  |c 1968 
650 0 |a Antropología social  |9 306264 
650 0 |a Honor   |9 383155 
650 7 |a MEDITERRANEO  |2 CL-VaPUC  |9 406788 
650 0 |a Sociedad  |9 307903 
650 0 |a Valores culturales  |9 338166 
651 7 |a MEDITERRANEO  |2 CL-VaPUC  |9 406788 
583 |a last modification  |c 19991217 00:00:00  |k Rodrigo Vera 
999 |c 284632  |d 284630 
952 |0 0  |1 0  |4 0  |6 306_000000000000000_PER_1968  |7 0  |8 A  |9 328781  |a BIBHIS  |b BIBHIS  |d 2019-11-20  |i 1378325  |o 306 PER 1968  |p 1378325  |r 2025-01-20  |w 2019-11-20  |y BK  |k HIS